000 02127nam a2200445 c 4500
003 BLK
005 20250802121650.0
008 180412b bul|||||r ||||||| ||bul||
010 _aKNG00010390000
020 _a954-529-034-Х
_bиздат.: Колибри
040 _aBLK
041 _aBUL
_cBUL
072 7 _2bullib
_aЛ03
_xСебепознание. Мисловни техники. Психология. Парапсихология
080 _aПсихология
_b159.9
_x
_z159.9
080 _aПсихиатрия. Патологична психология. Френопатии. Аутизъм (мед. аспекти). Психични(душевни) болести. Психози. Вж и 159.9; 612.82; 615.851; Съдебна психиатрия вж 340.6
_b616.89
_x
_z616.89
100 1 _aДако, Пиер
_eпърви автор
_9254033
700 1 _aТашева, Росица
_eпрев. от фр.
_9244851
700 1 _aГецова, Румяна
_eпрев. от фр.
_9254034
139 _aДако, Пиер
_bД 14
245 1 0 _aФантастичните победи на модерната психология
_cПиер Дако; прев. от фр. Росица Ташева; прев. от фр. Румяна Гецова.
257 _aBEL
260 София
_bКолибри
_c1995
_fВ. Търново : Абагар
300 _a528 с.
_bсъс сх., табл.
_c20 см
380 _a1
500 _aОриг. загл. Les prodigieuses victoires de la psychologie / Pierre Daco. - 3 000 тир. - Терминол. речник.
650 4 _aПсихология
_9168332
650 4 _aПсихоанализа
_9168303
650 4 _aЛичност - психология
_9243160
650 4 _aПсихиатрия
_9168269
653 _aпсихология
653 _aпсихоанализа
653 _aпсихиатрия
659 _aЛ
852 _aЦб 184928
856 4 _qpdf
_u
856 4 _qpdf
_u
942 _cKNG
_n0
_012
944 _aCR
_c15.01.2003
_k30575
_lМартин Енчев
944 _aED
_c15.11.2011
_k
999 _c8995
_d8995